Исследование космических лучей на астрофизическом комплексе TAIGA; Перспективы развития фундаментальных наук; Т. 1 : Физика

Bibliografski detalji
Parent link:Перспективы развития фундаментальных наук=Prospects of Fundamental Sciences Development: сборник научных трудов XXI Международной конференции студентов, аспирантов и молодых ученых, г. Томск, 23-26 апреля 2024 г./ Национальный исследовательский Томский политехнический университет ; под ред. И. А. Курзиной [и др.].— .— Томск: Изд-во ТПУ
Т. 1 : Физика.— 2024.— С. 239-241
Glavni autor: Неволин Н. Р.
Autor kompanije: Национальный исследовательский Томский политехнический университет (570)
Daljnji autori: Гоголев А. С. Алексей Сергеевич (научный руководитель)
Sažetak:Заглавие с экрана
Studies aimed at studying the energy spectrum and mass composition of cosmic rays forming broad atmospheric showers (BAS) have established anomalies in the region of 1015-1016 eV and 1018-1019 eV. Presumably, rays with particle energies above 1018 eV have an extragalactic origin. However, to date, only 100 ultra-high-energy particles have been observed, which, together with a significant spread of data in different experiments, does not allow us to reasonably believe about this kind of cosmic source. As part of the cooperation between TPU and the TAIGA astrophysical complex, work is underway to develop new scintillation detectors to increase the working area of the TAIGA-Muon experiment, which will increase the efficiency of the data set
Текстовый файл
Jezik:ruski
Izdano: 2024
Teme:
Online pristup:http://earchive.tpu.ru/handle/11683/80589
Format: Elektronički Poglavlje knjige
KOHA link:https://koha.lib.tpu.ru/cgi-bin/koha/opac-detail.pl?biblionumber=674486

MARC

LEADER 00000naa2a2200000 4500
001 674486
005 20241007160343.0
090 |a 674486 
100 |a 20240911d2024 k||y0rusy50 ca 
101 0 |a rus 
102 |a RU 
135 |a drcn ---uucaa 
200 1 |a Исследование космических лучей на астрофизическом комплексе TAIGA  |d Cosmic ray research at the TAIGA Astrophysical Complex  |f Н. Р. Неволин  |g науч. рук. А. С. Гоголев ; Национальный исследовательский Томский политехнический университет  |z eng 
300 |a Заглавие с экрана 
320 |a Список литературы: 3 назв. 
330 |a Studies aimed at studying the energy spectrum and mass composition of cosmic rays forming broad atmospheric showers (BAS) have established anomalies in the region of 1015-1016 eV and 1018-1019 eV. Presumably, rays with particle energies above 1018 eV have an extragalactic origin. However, to date, only 100 ultra-high-energy particles have been observed, which, together with a significant spread of data in different experiments, does not allow us to reasonably believe about this kind of cosmic source. As part of the cooperation between TPU and the TAIGA astrophysical complex, work is underway to develop new scintillation detectors to increase the working area of the TAIGA-Muon experiment, which will increase the efficiency of the data set 
336 |a Текстовый файл 
461 1 |0 674010  |t Перспективы развития фундаментальных наук  |l Prospects of Fundamental Sciences Development  |o сборник научных трудов XXI Международной конференции студентов, аспирантов и молодых ученых, г. Томск, 23-26 апреля 2024 г.  |9 674010  |c Томск  |n Изд-во ТПУ  |f Национальный исследовательский Томский политехнический университет ; под ред. И. А. Курзиной [и др.] 
463 1 |0 674235  |t Т. 1 : Физика  |v С. 239-241  |d 2024  |9 674235  |p 1 файл (66,9 MB, 392 с.)  |u conference_tpu-2024-C21_V1.pdf  |l Vol. 1 : Physics 
610 1 |a труды учёных ТПУ 
610 1 |a электронный ресурс 
610 1 |a космические лучи 
610 1 |a энергетический спектр 
610 1 |a Галактика 
610 1 |a комплекс TAIGA 
610 1 |a гамма-кванты 
610 1 |a заряженные частицы 
610 1 |a сцинтилляционные детекторы 
700 1 |a Неволин  |b Н. Р. 
702 1 |a Гоголев  |b А. С.  |c физик  |c доцент Томского политехнического университета, кандидат физико-математических наук  |f 1983-  |g Алексей Сергеевич  |4 727 
712 0 2 |a Национальный исследовательский Томский политехнический университет  |c (2009- )  |9 26305  |4 570 
801 0 |a RU  |b 63413507  |c 202409011  |g RCR 
856 4 |z http://earchive.tpu.ru/handle/11683/80589  |u http://earchive.tpu.ru/handle/11683/80589 
942 |c CF